000 03210nam0a2200373 4500
001 RU\NLR\BIBL_A\012835318
005 20230316162825.0
010 _a978-5-8088-1692-3
_950
021 _aRU
_bКН-П-22-021866
_9КН-П-22-1875
035 _a(NLR Aleph) 012835318
035 _a(RuMoRGB)011033984
090 _a12375966
_c12375966
100 _a20220630d2022 u y0rusy50 ca
101 0 _arus
102 _aRU
105 _ay j 000zy
181 0 _ai
_baxxe
182 0 _an
200 1 _aСоциальное государство и проблемы развития российского общества: политико-экономические и правовые аспекты
_eучебное пособие
_fБ. С. Старин, И. Б. Ломакина
_gМинистерство науки и высшего образования Российской Федерации, Федеральное государственное бюджетное образовательное учреждение высшего образования Санкт-Петербургский государственный университет аэрокосмического приборостроения
203 _aТекст
_bвизуальный
_cнепосредственный
210 _aСанкт-Петербург
_cГУАП
_d2022
215 _a55 с.
_d21
320 _aБиблиогр.: с. 45 и в подстроч. примеч.
330 _aСодержит обширную информацию, предназначенную для более полного и глубокого изучения курса Основы социального государств. Основная структура и содержание изложенного теоретического материала соответствуют основным требованиям Федерального государственного образовательного стандарта высшего образования (ФГОС ВПО) (квалификация бакалавр). Раскрывается мировой и российский опыт складывания, формирования и эволюции социальных государств, их характерные черты и тенденции саморазвития, сущность и основные принципы, а также проявления социальной саморегулирующей роли общественного и государственного совершенствования
606 1 _aГосударство социальное
_yРоссийская Федерация
_jУчебные издания для высших учебных заведений
_2nlr_sh1
_2nlr_sh2
_3RU\NLR\AUTH\661326479
686 1 _aФ3(2)12я73
686 1 _aУ27(2)2(2Р)я73
686 1 _aХ620.2я73
700 1 _aСтарин
_bБ. С.
_gБорис Семенович
701 1 _aЛомакина
_bИ. Б.
_gИрина Борисовна
942 _cBOOK
980 _aNB